Biblioteca y Centro de Documentación

La configuración legal de la unidad de mercado y estado autonómico (Registro nro. 47926)

Detalles MARC
000 -CABECERA
Longitud fija campo de control 01014naa a2200265 c 4500
001 - NÚMERO DE CONTROL
Número de control 47926
003 - IDENTIFICADOR DE NÚMERO DE CONTROL
Identificador del número de control ES-MaCES
005 - FECHA Y HORA DE LA ÚLTIMA TRANSACCIÓN
Fecha y hora de la última transacción 20160705123035.0
008 - CAMPO FIJO DE DESCRIPCIÓN FIJA--INFORMACIÓN GENERAL
Códigos de información de longitud fija   160705s2016 sp ||||| t||||||| ||spa d
040 ## - FUENTE DE CATALOGACIÓN
Centro catalogador de origen ES-MaCES
Lengua de catalogación spa
Centro transcriptor ES-MaCES
Centro modificado ES-MaCES
100 1# - ENCABEZAMIENTO PRINCIPAL--NOMBRE PERSONAL
9 (RLIN) 37108
Nombre de persona Urrutia Libarona, Iñigo
245 13 - MENCIÓN DE TÍTULO
Título La configuración legal de la unidad de mercado y estado autonómico
Mención de responsabilidad, etc. Iñigo Urrutia Libarona
500 ## - NOTA GENERAL
Nota general Resumen
650 #4 - ASIENTO SECUNDARIO DE MATERIA--TÉRMINO DE MATERIA
9 (RLIN) 27898
Término de materia o nombre geográfico como elemento inicial mercado interior
650 #4 - ASIENTO SECUNDARIO DE MATERIA--TÉRMINO DE MATERIA
9 (RLIN) 27960
Término de materia o nombre geográfico como elemento inicial mercado común
650 #4 - ASIENTO SECUNDARIO DE MATERIA--TÉRMINO DE MATERIA
9 (RLIN) 27897
Término de materia o nombre geográfico como elemento inicial competencia
650 #4 - ASIENTO SECUNDARIO DE MATERIA--TÉRMINO DE MATERIA
9 (RLIN) 28005
Término de materia o nombre geográfico como elemento inicial libre comercio
650 #4 - ASIENTO SECUNDARIO DE MATERIA--TÉRMINO DE MATERIA
9 (RLIN) 27153
Término de materia o nombre geográfico como elemento inicial legislación
650 #4 - ASIENTO SECUNDARIO DE MATERIA--TÉRMINO DE MATERIA
9 (RLIN) 27155
Término de materia o nombre geográfico como elemento inicial derecho administrativo
650 #4 - ASIENTO SECUNDARIO DE MATERIA--TÉRMINO DE MATERIA
9 (RLIN) 30768
Término de materia o nombre geográfico como elemento inicial Comunidades Autónomas
653 10 - TÉRMINO DE INDEXACIÓN--NO CONTROLADO
Término no controlado Derecho administrativo
773 0# - ENTRADA DE DOCUMENTO FUENTE
Itemnumber del ítem fuente 84597
Lugar, editor y fecha de publicación Madrid (Ignacio Ellacuría, 3, 28017) Civitas
Otro identificador del documento 087498
Título Revista española de Derecho administrativo
Número de control del registro relacionado (ES-MaCES)25059
Parte(s) relacionada(s) n. 175 (en.-marzo 2016) {10039 R. 087498} ;p. 195-236
902 ## - CES. TIPO DE DOCUMENTO
Tipodoc (006$c Sirtex) ART Artículo de revista
942 ## - ELEMENTOS KOHA
Fuente de clasificaión o esquema Clasificación propia del CES
Koha [por defecto] tipo de item Artículos (1982-2017)
Parte de clasificación Derecho Administrativo

No hay ítems disponibles.

© CES, Consejo Económico y Social de España 2021